|
|
|
|
| LEADER |
00000cam a22000004a 4500 |
| 001 |
musev2_783 |
| 003 |
MdBmJHUP |
| 005 |
20230905040128.0 |
| 006 |
m o d |
| 007 |
cr||||||||nn|n |
| 008 |
100315s2010 cou o 00 0 eng d |
| 010 |
|
|
|z 2010009127
|
| 020 |
|
|
|a 9781607320784
|
| 020 |
|
|
|z 9780870819520
|
| 035 |
|
|
|a (OCoLC)664572617
|
| 040 |
|
|
|a MdBmJHUP
|c MdBmJHUP
|
| 043 |
|
|
|a n-us---
|
| 050 |
0 |
4 |
|a CC115.T39
|b P76 2010
|
| 082 |
0 |
|
|a 930.1092
|a B
|2 22
|
| 245 |
0 |
0 |
|a Prophet, Pariah, and Pioneer :
|b Walter W. Taylor and Dissension in American Archaeology /
|c edited by Allan L. Maca, Jonathan E. Reyman, and William J. Folan.
|
| 264 |
|
1 |
|a Boulder, Colo. :
|b University Press of Colorado,
|c 2010.
|
| 264 |
|
3 |
|a Baltimore, Md. :
|b Project MUSE,
|c 2012
|
| 264 |
|
4 |
|c ©2010.
|
| 300 |
|
|
|a 1 online resource (488 pages):
|b ill. ;
|
| 336 |
|
|
|a text
|b txt
|2 rdacontent
|
| 337 |
|
|
|a computer
|b c
|2 rdamedia
|
| 338 |
|
|
|a online resource
|b cr
|2 rdacarrier
|
| 504 |
|
|
|a Includes bibliographical references and index.
|
| 588 |
|
|
|a Description based on print version record.
|
| 600 |
1 |
0 |
|a Taylor, Walter W.
|q (Walter Willard)
|
| 650 |
|
0 |
|a Archaeology
|z United States
|x History.
|
| 650 |
|
0 |
|a Archaeologists
|z United States
|v Biography.
|
| 655 |
|
7 |
|a Electronic books.
|2 local
|
| 700 |
1 |
|
|a Folan, William J.
|
| 700 |
1 |
|
|a Reyman, Jonathan E.
|
| 700 |
1 |
|
|a Maca, Allan L.
|
| 710 |
2 |
|
|a Project Muse.
|e distributor
|
| 830 |
|
0 |
|a Book collections on Project MUSE.
|
| 856 |
4 |
0 |
|z Texto completo
|u https://projectmuse.uam.elogim.com/book/783/
|
| 945 |
|
|
|a Project MUSE - Custom Collection
|
| 945 |
|
|
|a Project MUSE - 2010 Archaeology and Anthropology
|
| 945 |
|
|
|a Project MUSE - 2010 Complete
|